000 00433nam a2200181Ia 4500
005 20251020182538.0
008 200515s9999 xx 000 0 und d
082 _a726.54(85)/A74
100 _aARMAS ASIN, Fernando
245 0 _aLa construcción de la iglesia en los andes (siglos XVI-XX)
260 _aLima
260 _c1999
300 _a586
500 _a1 ejemplar
650 _aIGLESIAS
650 _aLIB
942 _cLIB
999 _c2300
_d2300